| 000 | 00787nab a22002177a 4500 | ||
|---|---|---|---|
| 999 |
_c5505 _d5505 |
||
| 003 | OSt | ||
| 005 | 20251210090910.0 | ||
| 008 | 190502c xxu||||| |||| 00| 0 spa d | ||
| 040 | _cPJ | ||
| 100 |
_93141 _aGimbernat Ordeig, Enrique |
||
| 245 | 1 | 0 |
_aClaus Roxin / _cEnrique Gimbernat Ordeig. |
| 260 |
_aCiudad Autónoma de Buenos Aires : _bThomson Reuters La Ley, _c2025. |
||
| 300 | _ap. 3-8 | ||
| 500 | _aCita Online: AR/DOC/2442/2025. | ||
| 505 | _t¿Te interesa el texto completo? Solicitalo al correo: koha@justierradelfuego.gov.ar | ||
| 650 | 0 |
_9343 _aDERECHO PENAL |
|
| 650 | 0 |
_92062 _aABOGADOS |
|
| 650 | 0 | _aHOMENAJE | |
| 773 | 0 |
_02729 _93180 _dBuenos Aires : LexisNexis, 2006- _tRevista de derecho penal y procesal penal. Nº 11 - Noviembre 2025 _z9875920622 |
|
| 942 |
_2udc _cANA |
||